• 首页
  • 本馆介绍
  • 公告通知
  • 最新文献
  • 馆藏检索
  • 电子资源
  • 读者导购
  • 参考咨询
  • 我的图书馆
  • 登录
  • 详细信息显示
  • 放入我的书架
  • 预约/预借图书
  • 作者相关作品
  • 分类相关作品
  • 丛书相关作品
  • 出版社相关作品

书目信息

  • 表格格式
  • 工作单格式
  • 卡片格式
题名:
现代西方价值哲学经典·心灵主义路向
    
 
作者: 冯平 主编
分册:  
出版信息: 北京   北京师范大学出版社  2009
页数: 445页
开本: 24cm
丛书名:
单 册:
中图分类: B018
科图分类:
主题词: 价值(哲学)--西方国家--现代 , 价值(哲学)
电子资源:
ISBN: 978-7-303-09823-1
000 00723nam0 2200229 45
005 20100301094627.14
010    @a978-7-303-09823-1@dCNY48.00
100    @a20100120d2009 ekmy0chiy0120 ea
101 0  @achi
102    @aCN@b110000
105    @ay z 000yy
106    @ar
200 1  @a现代西方价值哲学经典·心灵主义路向@AXian Dai Xi Fang Jia Zhi Zhe Xue Jing Dian· Xin Ling Zhu Yi Lu Xiang@f冯平主编@FFeng Ping Zhu Bian
210    @a北京@c北京师范大学出版社@d2009
215    @a445页@d24cm
300    @a现代西方价值哲学经典
606 0  @a价值(哲学)@y西方国家@z现代
606 0  @a价值(哲学)
690    @aB018@v4
701  0 @a冯平@AFeng Ping@4主编
801  0 @aCN@bTANGWEI@c20100301
905    @b0584610-14@dB018@e249@f5
    
    现代西方价值哲学经典·心灵主义路向/冯平主编.-北京:北京师范大学出版社,2009
    445页;24cm
    现代西方价值哲学经典
    
    ISBN 978-7-303-09823-1:CNY48.00
    
●
相关链接 在E读中查询图书 在五车中查询图书 在当当中查询图书 在豆瓣中查询图书


正题名:现代西方价值哲学经典·心灵主义路向     索取号:B018/249         预约/预借

序号 登录号 条形码 馆藏地/架位号 状态 备注
1 0584610   205846101   第一样本阅览室/ [索取号:B018/249] 在馆    
2 0584611   205846110   第一借阅区/ [索取号:B018/249] 在馆    
3 0584612   205846129   第一借阅区/ [索取号:B018/249] 在馆    
4 0584613   205846138   教育系资料室/ [索取号:B018/249] 在馆    
5 0584614   205846147   第一借阅区/ [索取号:B018/249] 在馆    
唐山师范学院图书馆 欢迎您!
大连网信软件有限公司© 版权所有